000 00851nam a22002531u 4500
001 03046
003 HDC
007 cr bn ---
008 201227p2007 xx fo d 00 engg
040 _aHDC
245 0 _aPRODUCTIVITY PERFORMANCE OF THE AGRICULTURE SECTOR :
_bPRODUCTIVITY REPORT 2007 /
260 _a[No Place] :
_b[publisher not identified],
_c2007
300 _a14 pages
336 _atext
_2rdacontent
337 _acomputer
_2rdamedia
338 _aonline resource
_2rdacarrier
650 _aAgriculture
_91238
650 _aHalal food industry
_zMalaysia
_9218
650 _aSmall business
_9208
856 _zRequest full-text at [email protected]
942 _2lcc
942 _cAR
942 _kREPT 000071
999 _c432
_d432